| 000 | 00893nam a2200229Ia 4500 | ||
|---|---|---|---|
| 003 | GCL | ||
| 005 | 20240530110857.0 | ||
| 008 | 140319s2008 ua g 000 0dara d | ||
| 020 | _a9772086913 | ||
| 040 |
_aGCL / _cGCL |
||
| 082 | 0 | 4 |
_a306.6/ _bهـ د |
| 100 | 1 | _aهوكاس، ريجر | |
| 245 | 1 | 2 |
_aالدبن ونشوء العلم الحديث : _bدراسة فى فلسفة العلم وعلم الاجتماع الدينى / _cتاليف ريجر هوكاس ؛ ترجمة زيد العامرى الرفاعى |
| 250 | _aط.1 | ||
| 260 |
_aالقاهرة : _bمكتبة مدبولى، _c2008. |
||
| 300 |
_a212 ص ؛ _c24 سم |
||
| 504 | _aيشتمل على ارجاعات ببليوجرافية | ||
| 650 | 0 | 7 |
_aالاجتماع _2qrmak |
| 650 | 0 | 7 |
_aعلم الاجتماع الدينى _2qrmak |
| 700 | 0 |
_aزيد العامرى الرفاعى _eمترجم |
|
| 942 |
_2ddc _cBK |
||
| 999 |
_c66064 _d66064 |
||